Stations du Métro de Paris par lettre - C - Statistiques

Statistiques générales
  • Ce quiz a été pris 610 fois
    421 depuis la dernière actualisation
  • Le résultat moyen est 22 sur 40
Statistiques - réponses
Lignes Stations % Correct
1,4,7,11,14 Châtelet
96%
1,8,12 Concorde
83%
1,2,6 Charles de Gaulle Étoile
82%
1,13 Champs-Élysées Clemenceau
77%
4 Château d’Eau
76%
4 Château Rouge
73%
1 Château de Vincennes
71%
6 Cambronne
67%
2 Courcelles
66%
2 Couronnes
64%
14 Cour Saint-Émilion
59%
4 Cité
57%
7 Cadet
56%
7,9 Chaussée d’Antin La Fayette
56%
8 Créteil - Université
55%
8 Créteil - Préfecture
54%
7 Crimée
54%
8 Commerce
53%
6 Corvisart
53%
5 Campo-Formio
52%
13 Châtillon - Montrouge
51%
9 Charonne
50%
7 Château-Landon
50%
2 Colonel Fabien
50%
8 Créteil - L’Échat
50%
6 Chevaleret
47%
10 Cluny - La Sorbonne
47%
7 Corentin Cariou
47%
10 Cardinal Lemoine
45%
12 Convention
45%
12 Corentin Celton
44%
8 Charenton - Écoles
43%
10 Charles Michels
42%
8 Chemin Vert
42%
7 Censier - Daubenton
41%
9 Croix de Chavaux
38%
10 Chardon-Lagache
37%
13 Carrefour Pleyel
31%
14 Chevilly-Larue
30%
11 Coteaux Beauclair
26%
Aucun quiz correspondant
Distribution des résultats
% des personnes avec chaque résultat
Percentile par nombre de réponses
Votre historique - résultats
Vous n’avez pas pris ce quiz depuis la dernière actualisation